000
00352nam a2200157Ia 4500
008
151213s9999 xx 000 0 und d
100
_a
S, M Aali
245
_a
Rainbow Over Padma
_c
S, M Aali
250
_a
1st
260
_a
Dhaka
_b
D. U.
_c
1994
300
_a
4344 p.
650
_a
English
650
_a
Novels
700
_a
S, M Aali
999
_c
2758
_d
2758